| 000 | 00822nas a2200289 4500 | ||
|---|---|---|---|
| 001 | BR9511642 | ||
| 003 | BR-BrBNA | ||
| 005 | 20231205095613.0 | ||
| 007 | ta | ||
| 008 | 230509b bl.|||p| |||| 00| 00por d | ||
| 040 |
_aBR-BrBNA _bpor _cBiblioteca Nacional de Agricultura |
||
| 041 | _a(Es) | ||
| 072 | _aF02 | ||
| 100 | 1 | _aDaquinta, M.A. | |
| 100 | 1 | _aLorenzo, J.C. | |
| 100 | 1 | _aCastillo, R. | |
| 100 | 1 | _aEscalona, M. | |
| 100 | 1 | _aBorroto, C.G. | |
| 100 | 1 | _aFundora, Z. | |
| 245 | 1 | _aEmbriogenesis somatica "in vitro" de patrones de citricos | |
| 650 | _aFruta Citrica | ||
| 650 | _aEmbriogenese | ||
| 650 | _aCalo | ||
| 773 | 0 |
_tRevista Brasileira de Fruticultura (Brazil) _xISSN 0100-2945 _g(1994), v. 16(3) p. 77-84 _wBR9511642 |
|
| 909 |
_a202311 _bLúcia _c55 _dLúcia Elande |
||
| 942 |
_2AGRIS _n0 _cANA |
||
| 999 |
_c151636 _d151636 |
||